Sanat - "Voiko enkelitkin eksyä" - Haloo Helsinki! - Statistics

Yleistilastot
  • Tätä visaa on pelattu 58 kertaa
  • Keskiarvotulos 171 / 231
Vastaustilastot
Hint Vastaus % Oikein
enkelit
95%
eksyä
93%
on
93%
voiko
93%
Outro Voiko
93%
enkelitkin
91%
sen
91%
88%
Verse 2
88%
ja
86%
86%
jos
84%
kun
84%
kädet
79%
kaksi
79%
kynttilän
79%
nyt
79%
Verse 1 Siitä
79%
vuotta
79%
eksyy
77%
hävisit
77%
iltaisin
77%
jotta
77%
kohtaisin
77%
kyynel
77%
Chorus Laitan
77%
pala
77%
halaamaan
74%
halki
74%
ikkunalle
74%
mietin
74%
palaamaan
74%
pimeän
74%
sinut
74%
taistelun
74%
tulisit
74%
tyynyä
74%
vasten
74%
löydät
72%
sitten
72%
tänne
72%
yhteen
72%
sut
70%
että
67%
jätin
67%
mua
67%
kaikki
65%
yksin
65%
yöllä
65%
helpompaa
63%
odotan
63%
uniin
63%
vai
63%
kerrallaan
60%
mun
60%
oot
60%
päästäisin
60%
perillä
60%
sua
60%
jolloin
58%
muistella
58%
päiviä
58%
tuut
58%
ilman
56%
merkkiä
56%
höyhen
53%
jossa
53%
lennätkö
53%
sulta
53%
tuutko
53%
vietiin
53%
pois
51%
rasiaan
51%
ristissä
51%
samaan
51%
silloin
51%
hajoaa
49%
hyönteisenä
49%
jolla
49%
kerrot
49%
kukkaan
49%
muistot
49%
sormiluut
49%
haaveet
47%
löydänkö
47%
lupasit
47%
tukkaan
47%
tuulena
47%
luokse
44%
Bridge Aamulla
42%
sieltä
42%
vitivalkea
42%
illoin
40%
reunalla
40%
tyynyn
40%
pieni
35%
yhä
33%
Ehtoja vastaavia visoja ei löytynyt
Tulosjakauma
Jokaisen tuloksen saaneiden osuus
Persentiili vastausten määrän mukaan
Tuloshistoriasi
Et ole pelannut tätä visaa